LaLiga Teams 2020-2021 - Statistics

General Stats
  • This quiz has been taken 115 times
  • The average score is 14 of 20
Answer Stats
Team % Correct
Barcelona
99%
Real Madrid
98%
Atletico Madrid
95%
Valencia
86%
Sevilla
82%
Athletic Bilbao
79%
Real Sociedad
77%
Villarreal
77%
Real Betis
76%
Alaves
66%
Getafe
66%
Celta Vigo
59%
Levante
56%
Cadiz
55%
Elche
55%
Granada
55%
Osasuna
54%
Eibar
50%
Real Valladolid
50%
Huesca
41%
No matching quizzes found
Score Distribution
Percent of People with Each Score
Percentile by Number Answered
Your Score History
You have not taken this quiz